Países más cercanos al mar Egeo - 1 minuto de sprint - Estadísticas

Estadísticas generales
  • Esta prueba ha sido intentada 27 veces
  • La puntuación promedio es 15 de 20
Estadísticas de respuestas
km país % Correcto
0 Turquía
100%
0 Grecia
93%
30 Bulgaria
89%
57 Macedonia del Norte
89%
191 Serbia
89%
131 Albania
85%
209 Kosovo
85%
411 Bosnia y Herzegovina
81%
396 Chipre
81%
403 Croacia
81%
343 Italia
81%
293 Rumania
78%
386 Egipto
70%
312 Montenegro
70%
547 Moldavia
63%
637 Hungría
59%
289 Libia
52%
535 Ucrania
52%
681 Siria
48%
699 Rusia
26%
No se encontraron pruebas coincidentes
Distribución de puntuación
Porcentaje de gente con cada puntuación
Porcentaje por número respondido
Historial de tus puntuaciones
No has intentado esta prueba.